00444 a2200169 450000100060000002000150000604000220002110000210004324000190006424500140008330000080009736200090010565000230011494200070013795201130014499900170025757115 a8532511341 cAnchieta - Pituba aApplegate, K. A.10aA intrusalpor10aA intrusa a1480 a2000 4aLiteratura juvenil cBK 00104070a91.1b91.1d2023-11-21l0oLJ 028.5 A648i APP INTp6981/PITr2023-11-21 18:24:44w2023-11-21yBK c57115d57115